| 000 | 00857nam a2200265 a 4500 | ||
|---|---|---|---|
| 001 | 000023589 | ||
| 005 | 20200930022330.0 | ||
| 008 | 101214s1999 sp 001 f spa d | ||
| 020 | _a8489163774 | ||
| 040 |
_aDO-SdBNP _bspa _cBNPHU |
||
| 082 |
_a863.3 _bQ5his |
||
| 100 | 1 |
_aQuevedo, Francisco de, _d1580-1645 _96261 |
|
| 245 | 1 | 0 |
_aHistoria de la vida del buscón llamado don Pablos / _cFrancisco de Quevedo ; edición de José Golacheca. |
| 260 |
_aMadrid : _bJorge A. Mestas, _c1999. |
||
| 300 |
_a156 p. ; _c19 cm. |
||
| 490 | 1 |
_aClásicos universales _v41 |
|
| 500 | _aIncluye índice de términos. | ||
| 650 | 4 |
_aNovela española _91123 |
|
| 650 | 4 |
_aLiteratura española _9632 |
|
| 650 | 4 |
_aSátira española _94899 |
|
| 700 | 1 |
_aGolacheca, José, _eed. _915043 |
|
| 830 | 0 |
_aClásicos universales ; _v41 _9266 |
|
| 910 | _aWM | ||
| 049 | _aBNGR | ||
| 999 |
_c23085 _d23085 |
||